000 00327nam a22001217a 4500
020 _a9781580531696
100 _aAdamy, David L.
245 _aEW 101 : a first course in electronic warfare
260 _aLondon
_bArtech House
_c2001
300 _axix, 308p. :
_e22 cm
650 _aElectronics in military engineering
942 _cBK
999 _c12183
_d12183